| Tag |
First Indicator |
Second Indicator |
Subfields |
| LEADER |
00000cam a2200000 a 4500 |
| 001 |
in00003477113 |
| 005 |
20151206122731.0 |
| 008 |
850925c19571956enk 00011 eng |
| 010 |
|
|
|a 82220287
|
| 039 |
0 |
|
|a 2
|b 3
|c 3
|d 3
|e 3
|
| 040 |
|
|
|d UtOrBLW
|
| 082 |
0 |
|
|a 813/.54
|2 19
|
| 090 |
|
|
|a PS3555.A7
|b G6 1957
|
| 100 |
1 |
|
|a Eastlake, William.
|
| 245 |
1 |
0 |
|a Go in beauty /
|c William Eastlake.
|
| 264 |
|
1 |
|a London :
|b Secker & Warburg,
|c 1957
|
| 264 |
|
4 |
|c ©1956
|
| 300 |
|
|
|a 279 pages ;
|c 20 cm.
|
| 336 |
|
|
|a text
|b txt
|2 rdacontent
|
| 337 |
|
|
|a unmediated
|b n
|2 rdamedia
|
| 338 |
|
|
|a volume
|b nc
|2 rdacarrier
|
| 999 |
|
|
|a MARS
|
| 999 |
f |
f |
|s 46f0b08a-cad1-36d9-bd5a-d554a981ee6a
|i 406b0659-1faf-3b1f-a525-bec6b4292cbe
|t 0
|
| 952 |
f |
f |
|p ric
|a Texas A&M University
|b Rellis Campus
|c Joint Library Facility
|d Remote Storage
|t 0
|e PS3555.A7 G6 1957
|h Library of Congress classification
|i unmediated -- volume
|m 32060003868649
|
| 998 |
f |
f |
|a PS3555.A7 G6 1957
|t 0
|l Remote Storage
|